[Event "North American-ch U08 Girls"]
[Site "Montreal"]
[Date "2010.08.18"]
[Round "5"]
[White "Van Raamsdonk, Remei"]
[Black "Chen, Zixin"]
[Result "0-1"]
[WhiteElo "489"]
[BlackElo "900"]
[PlyCount "44"]
[EventDate "2010.08.16"]
[EventType "swiss"]
[EventRounds "7"]
[EventCountry "CAN"]
[SourceTitle "EXT 2013"]
[Source "ChessBase"]
[SourceDate "2012.11.22"]
[SourceVersion "1"]
[SourceVersionDate "2012.11.22"]
[SourceQuality "1"]

1. e4 e5 2. Nf3 Nc6 3. Nc3 Nf6 4. Bc4 Bb4 5. a3 Ba5 6. Ng5 0-0 7. Nf3 d6 8. d3 Bg4 9. h3 Bh5 10. 0-0 Nd4 11. b4 Bb6 12. a4 Nxf3+ 13. gxf3 Re8 14. a5 Bd4 15. Bb2 Qd7 16. Bb3 Qxh3 17. Re1 Bxf3 18. Qxf3 Qxf3 19. Rf1 Ng4 20. Nb5 Qh3 21. Rfe1 Qh2+ 22. Kf1 Qxf2# 0-1

[Event "North American-ch U08 Girls"]
[Site "Montreal"]
[Date "2010.08.16"]
[Round "1"]
[White "Lopez, Anastacia"]
[Black "Chen, Zixin"]
[Result "0-1"]
[WhiteElo "893"]
[BlackElo "900"]
[PlyCount "130"]
[EventDate "2010.08.16"]
[EventType "swiss"]
[EventRounds "7"]
[EventCountry "CAN"]
[SourceTitle "EXT 2013"]
[Source "ChessBase"]
[SourceDate "2012.11.22"]
[SourceVersion "1"]
[SourceVersionDate "2012.11.22"]
[SourceQuality "1"]

1. Nf3 d5 2. d4 Nc6 3. g3 Bf5 4. e3 Nb4 5. Bd3 Bxd3 6. cxd3 Nf6 7. a3 Nc6 8. Nc3 e6 9. Ne5 Nxe5 10. dxe5 Nd7 11. d4 Nb6 12. 0-0 Qd7 13. f4 0-0-0 14. e4 dxe4 15. Nxe4 Be7 16. Be3 Nc4 17. Qe2 Qd5 18. Nc3 Qc6 19. Rac1 Nxe3 20. Qxe3 Qb6 21. Na4 Qb5 22. b3 Bxa3 23. Rc2 Rhe8 24. Qc3 Re7 25. f5 Bb4 26. Qf3 Rxd4 27. f6 gxf6 28. exf6 Red7 29. Nc3 Qd3 30. Qxd3 Rxd3 31. Nb5 Kb8 32. Rfc1 Rd1+ 33. Rxd1 Rxd1+ 34. Kg2 Rd2+ 35. Rxd2 Bxd2 36. Nd4 e5 37. Nf3 Bc3 38. Ng5 a5 39. Nxh7 c5 40. Nf8 c4 41. Nd7+ Kc7 42. Nc5 cxb3 43. Nxb3 a4 44. Nc1 a3 45. Na2 Bd4 46. h4 e4 47. g4 Bxf6 48. g5 Be5 49. Kf2 Bd4+ 50. Ke2 b5 51. h5 Kc6 52. h6 Kc5 53. h7 b4 54. h8Q Bxh8 55. Kd2 b3 56. Nc1 b2 57. Nb3+ Kb4 58. Nc1 b1Q 59. Ne2 Qd3+ 60. Ke1 Qe3 61. Kd1 a2 62. Nc1 a1Q 63. Kc2 Qac3+ 64. Kb1 Qexc1+ 65. Ka2 Q3b2# 0-1